00762nam a2200193Ia 4500001001000000003000500010008004100015010001100056040000900067100003200076245016900108260003400277300001600311502010600327650002600433650004000459650001900499710005000518Para_8877CHAP220125s2004 xx 000 0 und d a207640 cCHAP aVázquez Gálvez, Aurelio aSituación fitosanitaria actual del cultivo de la papa (Solanum tuberosum L.) en la Sierra Purhepecha, Guarachanillo Michoacán /c por Vázquez Gálvez Aurelio aChapingo, Méx. :b el autor a88 + apend. aTesis (Ing. Agr. Esp. en Parasitología Agrícola) -- UACh. Departamento Parasitología Agrícola 7aPapasxEnfermedades2 aPapa x enfermedades por bacterias  aPapa x plagas aUACh. Departamento Parasitología Agrícola